000 00874nam a2200265Ia 4500
003 OSt
005 20221005062100.0
006 a|||||r|||| 00| 0
007 ta
008 221004b |||||||| |||| 00| 0 eng d
020 _a9780415466622
_c2359.91
024 _a114214
037 _b33938, 27/01/2012, Segment Book Distributors
_cTextual
040 _aCRL
_cCRL
_beng
041 _2eng
_aeng
082 _aO111,2x(NT), Q0
100 _aGale Maggie B. Ed.
_9600476
245 0 _aRoutledge drama anthology and sourcebook
_b From modernism to contemporary performance
260 _aLondon
_bRoutledge UK
_c2010
300 _axxii,856p.
_ccm.
650 _a ENGLISH LITERATURE
650 _aENGLISH LITERATURE
942 _hO111,2x(NT), Q0
_cTEXL
_2cc
999 _c969166
_d969166